| 000 | 00573nam a2200169Ia 4500 | ||
|---|---|---|---|
| 008 | 090123s9999 xx 000 0 und d | ||
| 082 |
_b5720 _a891.463/भागव |
||
| 100 | _aभागवत यशवंत | ||
| 245 | _aप्रिया कुणाची प्रिया | ||
| 250 | _a1 | ||
| 300 | _a188 | ||
| 600 | _aभागवत यशवंत | ||
| 630 | _aप्रिया कुणाची प्रिया | ||
| 700 | _aभागवत यशवंत | ||
| 730 | _aप्रिया कुणाची प्रिया | ||
| 942 | _cBOOK | ||
| 999 |
_c43785 _d43785 |
||